000 00251nam a2200097Ia 4500
008 220204s9999 xx 000 0 und d
082 _a93(100)
_bMER
245 0 _aMerriam-Webster book of world histories
260 _aNew York
_bPocket
_c1976
942 _cBK
999 _c32202
_d32202